James Bond -elokuvat - Statistics

Yleistilastot
  • Tätä visaa on pelattu 1 876 kertaa
  • Keskiarvotulos 12 / 25
Vastaustilastot
Vuosi Näyttelijä Elokuva % Oikein
2006 Daniel Craig Casino Royale
76%
2012 Daniel Craig 007 Skyfall
75%
1964 Sean Connery 007 ja Kultasormi
71%
1979 Roger Moore Kuuraketti
66%
2015 Daniel Craig 007 Spectre
64%
1962 Sean Connery Salainen agentti 007 ja tohtori No
64%
2021 Daniel Craig 007 No Time to Die
60%
1983 Roger Moore Octopussy - mustekala
60%
1974 Roger Moore 007 ja kultainen ase
53%
1971 Sean Connery Timantit ovat ikuisia
53%
1967 Sean Connery Elät vain kahdesti
51%
1995 Pierce Brosnan 007 ja kultainen silmä
48%
1989 Timothy Dalton 007 ja lupa tappaa
46%
2008 Daniel Craig 007 Quantum of Solace
46%
1973 Roger Moore Elä ja anna toisten kuolla
45%
1997 Pierce Brosnan Huominen ei koskaan kuole
44%
1965 Sean Connery Pallosalama
44%
1969 George Lazenby Hänen majesteettinsa salaisessa palveluksessa
41%
1977 Roger Moore 007 rakastettuni
40%
1963 Sean Connery Salainen agentti 007 Istanbulissa
39%
2002 Pierce Brosnan Kuolema saa odottaa
37%
1987 Timothy Dalton 007 vaaran vyöhykkeellä
34%
1999 Pierce Brosnan Kun maailma ei riitä
30%
1981 Roger Moore Erittäin salainen
28%
1985 Roger Moore 007 ja kuoleman katse
27%
Ehtoja vastaavia visoja ei löytynyt
Tulosjakauma
Jokaisen tuloksen saaneiden osuus
Persentiili vastausten määrän mukaan
Tuloshistoriasi
Et ole pelannut tätä visaa